| 000 | 01998 a2200253 4500 | ||
|---|---|---|---|
| 001 | 44408 | ||
| 005 | 20260407155721.0 | ||
| 008 | 260407a2017 arg spa d | ||
| 003 | AR-UNSa-BCEJYS | ||
| 040 |
_aAR-UNSa-BCEJYS _bspa _cAR-UNSa-BCEJYS |
||
| 080 |
_a304.4 _xAspectos generales de las políticas y prácticas sociales y culturales (política social) |
||
| 245 | 1 | 0 | _aInstitucionalidad social en América Latina y el Caribe |
| 020 | _a978-92-1-121956-2 | ||
| 264 | 1 |
_aSantiago de Chile : _bCEPAL (Comisión Económica para América Latina y el Caribe) _c2017 |
|
| 300 |
_a328 p. _c22 cm. |
||
| 505 | _aCapítulo I. Institucionalidad y desarrollo social / Rodrigo Martínez, Carlos Maldonado Valera - Capítulo II. La institucionalidad del desarrollo y la protección social en América Latina y el Caribe: panorama y desafíos / Rodrigo Martínez, Carlos Maldonado Valera - Capítulo III. Regulación del mercado de trabajo y protección social: desafíos institucionales / Mario D. Velásquez Pinto - Capítulo IV. Aspectos institucionales de los sistemas de pensiones en América Latina / Andras Uthoff - Capítulo V. El cuidado, pilar de la protección social: derechos, políticas e institucionalidad en América Latina / María Nieves Rico, Claudia Robles - Capítulo VI. Ciclo de vida y políticas sociales: las instituciones de juventud en la región / Daniela Trucco - Capítulo VII. Discapacidad y políticas públicas: avances y desafíos institucionales en América Latina / Heidi Ullmann - Capítulo VIII. Afrodescendientes latinoamericanos: institucionalidad y políticas públicas / Marta Rangel | ||
| 041 | _aspa | ||
| 942 | _cBK | ||
| 590 | _aniveau_biblio:m niveau_hierar:0 | ||
| 100 | 1 | _aMartínez, Rodrigo | |
| 700 | 1 | _aNaciones Unidas. Comisión Económica para América Latina y el Caribe (CEPAL) | |
| 700 | 1 | _aAgencia Alemana de Cooperación Internacional | |
| 856 | 4 | 1 |
_uhttps://biblioeco.unsa.edu.ar/pmb/images/libros/L126878.jpg _yImagen de portada _qimage/jpeg |
| 999 |
_c3787 _d3787 |
||